000 00707nam a2200205Ii 4500
003 JO-AjNU
008 230605s9999||||xx |||||||||||||| ||und||
017 _a2002/2/409
040 _aJO-AjNU
_bara
_erda
_cJO-AjNU
041 _aara
050 1 4 _aQA76.575.M84 2002
100 3 _aشلباية ، مراد واخرون,
_eauthor
_941014
245 0 0 _aتطبيقات الوسائط المتعددة =Multimedia Applications
264 3 1 _aعمان:دار المسيرة ، 2002
300 _a302ص
336 _atext
_btxt
_2rdacontent
337 _aunmediated
_bn
_2rdamedia
338 _avolume
_bnc
_2rdacarrier
650 4 _aالحواسيب - علم الحاسوب -برامج الحاسوب
_941015
999 _aA17451
_c21019
_d21019